LEADER 01393nam2 22003853i 450 001 CUB0409329 005 20231121125500.0 020 $aIT$b1921 4407 100 $a20151123d1921 ||||0itac50 ba 101 | $aita$agrc 102 $ait 181 1$6z01$ai $bxxxe 182 1$6z01$an 200 1 $a˜1: œLibro 1$fOmero 205 $aEd. col testo a fronte 210 $aMilano [etc.]$cR. Sandron$d1921 215 $a41 p.$d20 cm. 461 1$1001LO10854814$12001 $a˜L'œOdissea di Omero$ftradotta e annotata da Nicola Festa : edizione col testo a fronte$v1 606 $aOmero. Odissea. 1.$xCommenti$2FIR$3RMLC430065$9E 700 0$aHomerus$3CFIV018814$4070$0155559 790 0$aHomer$3AQ1V000332$zHomerus 790 0$aOmero$f $3CFIV023921$zHomerus 790 0$aGomer$3CFIV190232$zHomerus 790 0$aOmçros$3CFIV200481$zHomerus 790 0$aHomirus$3IEIV076086$zHomerus 790 0$aHom?ros$3SBNV037875$zHomerus 790 0$aHomère$3UFIV121655$zHomerus 801 3$aIT$bIT-01$c20151123 850 $aIT-FR0017 899 $aBiblioteca umanistica Giorgio Aprea$bFR0017 $eN 912 $aCUB0409329 950 2$aBiblioteca umanistica Giorgio Aprea$d 52DFV A 374$e 52BUN0000106935 VMC RS $fC $h20151123$i20151123 977 $a 52 996 $aLibro 1$91504050 997 $aUNICAS